000 00514nam a2200181 a 4500
005 20220915063559.0
008 991125s1970 mx 000 0 spa u
035 _aUPN01000006229
049 _aCG
050 4 _aQA37.2
_bR3.28
100 1 _aRandolph, John F.
245 1 0 _aCálculo-geometría analítico-vectores /
_cJohn F. Randolph ; tr. Luis Ordoñez Reyna.
260 _aMéxico :
_bCECSA,
_c1970.
300 _a784 p.
650 7 _aCálculo
_2
_94497
650 4 _aGEOMETRIA ANALITICA
_924622
905 _aLibro
999 _c6229
_d6229